Sastra Sankethika Vijnana Kosam (Record no. 1737)
[ view plain ]
| 000 -LEADER | |
|---|---|
| fixed length control field | 00644nam a22001937a 4500 |
| 005 - DATE AND TIME OF LATEST TRANSACTION | |
| control field | 2009072308398.0 |
| 008 - FIXED-LENGTH DATA ELEMENTS--GENERAL INFORMATION | |
| fixed length control field | 090723t xxu||||| |||| 00| 0 eng d |
| 080 ## - UNIVERSAL DECIMAL CLASSIFICATION NUMBER | |
| Universal Decimal Classification number | 5+6 (031)(092) =M |
| Item number | VID.1 |
| 100 ## - MAIN ENTRY--PERSONAL NAME | |
| Personal name | Leeladevi, R. |
| Role | ed.by |
| 100 ## - MAIN ENTRY--PERSONAL NAME | |
| Role | ed.by |
| 100 ## - MAIN ENTRY--PERSONAL NAME | |
| Role | ed.by |
| 245 ## - TITLE STATEMENT | |
| Title | Sastra Sankethika Vijnana Kosam |
| 300 ## - PHYSICAL DESCRIPTION | |
| Extent | 801 p. |
| 490 ## - SERIES STATEMENT | |
| Series statement | (Vidyarthimithram vijnana kosa Srunghala) |
| 700 ## - ADDED ENTRY--PERSONAL NAME | |
| Personal name | Balakrishnan,V. |
| 942 ## - ADDED ENTRY ELEMENTS (KOHA) | |
| item type | Reference |
| 260 ## - PUBLICATION, DISTRIBUTION, ETC. (IMPRINT) | |
| Place of publication, distribution, etc | Kottayam |
| Name of publisher, distributor, etc | Vidyarthimithram |
| Date of publication, distribution, etc | 1990 |
| 260 ## - PUBLICATION, DISTRIBUTION, ETC. (IMPRINT) | |
| -- | 808 |
| Lost status | Source of classification or shelving scheme | Not for loan | Home library | Current library | Shelving location | Date acquired | Total Checkouts | Full call number | Barcode | Date last seen | Price effective from | Koha item type |
|---|---|---|---|---|---|---|---|---|---|---|---|---|
| Universal Decimal Classification | Not For Loan | University Library | University Library | Reference | 23/07/2009 | 5+6 (031)(092)=M VID.1 | G0004860 | 23/07/2009 | 23/07/2009 | Reference |
